000 00323nam a2200121Ia 4500
008 171205s9999 xx 000 0 und d
020 _a9780128042502
100 _aSiegel, Andrew F.
245 _cAndrew F. Siegel
_aPractical Business Statistics
250 _a7th ed.
260 _bElsevier Inc
_c2016
300 _a622 pages
999 _c347439
_d347439